000 01083nac a22002291u 4500
010 _a 92037478
020 _a002895792X
020 _a0028957954
082 0 0 _a372.7
_bO976
090 _c4189
_d4189
100 _aOwens, Douglas T.
245 0 0 _aMiddle grades mathematics /
_cDouglas T. Owens, editor ; National Council of Teachers of Mathematics, Research Interpretation Project, Sigrid Wagner, project director.
260 _aNew York :
_bMacmillan Pub. Co. ;
_aToronto :
_bMaxwell Macmillan Canada ;
_aNew York :
_bMaxwell Macmillan International,
_cc1993.
300 _axvii, 350 p. :
_bill. ;
_c25 cm.
440 0 _aResearch ideas for the classroom
504 _aIncludes bibliographical references and index.
650 0 _aMathematics
_xStudy and teaching (Elementary)
700 1 _aWagner, Sigrid,
_d1942-
710 2 _aNational Council of Teachers of Mathematics.
_bResearch Interpretation Project.
942 _cBB
_k372.7O976
999 _c4189
_d4189